Photos des années 1960 - Statistiques

Statistiques générales
  • Ce quiz a été pris 33 fois
  • Le résultat moyen est 4 sur 10
Statistiques - réponses
Hint Réponse % Correct
1969
Premier homme sur la Lune
67%
1966
- Coupe du monde en Angleterre
- Première liaison de deux vaisseaux spatiaux
- Moa Zedong lance la révolution culturelle qui a pour but de purger les vestiges de la Chine pré-communiste
57%
1968
Mouvement "Black Power" aux jeux olympiques de Mexico
53%
1960
- Décolonisation de l'Afrique (17 pays accèdent a l'indépendance)
53%
1962
Crise des missiles de Cuba
53%
1964
Cérémonie d'ouverture des jeux olympiques de Tokyo
43%
1961
- Signature du traité de l'Antarctique
- Youri Gagarine devient le premier homme a être allé dans l'espace
- Construction du Mur de Berlin
37%
1967
- Mohamed Ali est banni de la boxe professionnelle
- Début de la guerre civile cambodgienne
- Début de la guerre civile nigériane
33%
1965
- Alexeï Leonov devient le premier homme a faire une sortie dans l'espace
- Funérailles de Winston Churchill
- Les États-Unis arrivent dans la guerre du Vietnam
27%
1963
Immolation de Thích Quảng Đức
17%
Aucun quiz correspondant
Distribution des résultats
% des personnes avec chaque résultat
Percentile par nombre de réponses
Votre historique - résultats
Vous n’avez pas pris ce quiz